000 00469nam a2200181Ia 4500
001 4234
005 20260306145740.0
008 260306t2017||||xx |||||||||||||| ||spa||
041 _aESP
082 _a320.014
_bM26
100 _aMartín Salgado, Lourdes
_eAUT
245 0 _aMarketing político:
_barte y ciencia de la persuasión en democracia
260 _c2017
300 _a283 páginas :
_c20 cm.
650 _aGEN
654 _aCDE
942 _cLIB
_dJUS
_fJUS
_2ddc
_n
999 _c4234
_d4234